Paesi più vicini alle Bahamas - Morte improvvisa - Statistics

Statistiche generali
  • Questo quiz è stato fatto 35 volte
    28 dall'ultimo reset
  • Il punteggio medio è 4 su 15
Answers on the Grid
Answers color-coded by a green-red scale on the quiz's grid according to % correct below.
Cuba
Stati Uniti
Haiti
Repubblica Dominicana
Giamaica
Messico
Colombia
Honduras
Belize
Venezuela
Nicaragua
Guatemala
Saint Kitts e Nevis
Antigua e Barbuda
El Salvador
Mauritania
Canada
Ecuador
Perù
Bolivia
Guyana
Suriname
Brasile
Cile
Paraguay
Saint Lucia
Dominica
Saint Vincent e Grenadine
Trinidad e Tobago
Marocco
 
Statistiche sulle risposte
Risposta % Corretto
Cuba
67%
Honduras
56%
Messico
44%
Belize
33%
Giamaica
33%
Nicaragua
33%
Repubblica Dominicana
33%
El Salvador
22%
Guatemala
22%
Stati Uniti
22%
Haiti
11%
Venezuela
11%
Antigua e Barbuda
0%
Colombia
0%
Saint Kitts e Nevis
0%
Nessun quiz corrispondente trovato
Distribuzione punteggi
Percentuale di utenti per punteggio
Percentile per numero di risposta
I tuoi punteggi nel tempo
Non hai fatto questo quiz dall'ultimo reset